| 000 | 00470nam a2200193Ia 4500 | ||
|---|---|---|---|
| 005 | 20240823010935.0 | ||
| 008 | 240823s9999||||xx |||||||||||||| ||und|| | ||
| 041 | _aENGLISH | ||
| 082 | _A378.1662 P0 | ||
| 100 | _a"Green,Sharon Weiner" | ||
| 245 | 0 | _aHow to prepare for the GRE TEST | |
| 250 | _a14th | ||
| 260 |
_c2000 _b"Galgotia,New Delhi" |
||
| 500 | _aTRANSFERED | ||
| 650 |
_aGeneral _bGeneral |
||
| 700 | _a" Wolf,Ira K" | ||
| 942 | _cBK | ||
| 999 |
_c160080 _d160080 |
||